Fitter Trade Practicals / (Record no. 1149)

000 -LEADER
fixed length control field 00598nam a2200229 a 4500
008 - FIXED-LENGTH DATA ELEMENTS--GENERAL INFORMATION
fixed length control field 191204s2010 ii a|||g |||| 00| 0 eng d
020 ## - INTERNATIONAL STANDARD BOOK NUMBER
International Standard Book Number 9788173176203
Terms of availability Rs. 187.50
040 ## - CATALOGING SOURCE
Original cataloging agency IMU Kochi Library
Language of cataloging eng
041 0# - LANGUAGE CODE
Language code of text/sound track or separate title eng
044 ## - COUNTRY OF PUBLISHING/PRODUCING ENTITY CODE
MARC country code India
082 04 - DEWEY DECIMAL CLASSIFICATION NUMBER
Edition number 23
Classification number 671.3078
Item number Se75
100 1# - MAIN ENTRY--PERSONAL NAME
Personal name Sethi, G. S.
245 10 - TITLE STATEMENT
Title Fitter Trade Practicals /
260 ## - PUBLICATION, DISTRIBUTION, ETC. (IMPRINT)
Place of publication, distribution, etc New Delhi :
Name of publisher, distributor, etc Asian Publishers,
Date of publication, distribution, etc 2010
300 ## - PHYSICAL DESCRIPTION
Extent 312 p. :
Other physical details ill. ;
Dimensions 28 cm.
650 #0 - SUBJECT ADDED ENTRY--TOPICAL TERM
Topical term or geographic name as entry element Metal-work
650 #0 - SUBJECT ADDED ENTRY--TOPICAL TERM
Topical term or geographic name as entry element Machine-shop practice
700 1# - ADDED ENTRY--PERSONAL NAME
Personal name Singh, Balbir
Relator term Joint Author
852 ## - LOCATION/CALL NUMBER
Location IMU Kochi Library
904 ## - LOCAL DATA ELEMENT D, LDD (RLIN)
CATALOGER Shine Joy
942 ## - ADDED ENTRY ELEMENTS (KOHA)
Item type Books
Holdings
Withdrawn status Lost status Source of classification or shelving scheme Damaged status Not for loan Collection code Permanent location Current location Shelving location Date acquired Source of acquisition Cost, normal purchase price Full call number Barcode Date last seen Koha item type Public note
          Engineering IMU Kochi Library IMU Kochi Library General Stacks 2013-03-07 M/S Ajith Book Stall (Inv. No. 9230 Dt 2013-03-06) 187.50 671.3078 Se75 BK000650 2019-12-04 Books Gen. Shelf-45, Row-5


Copyright © All Rights Reserved by Indian Maritime University, Kochi Campus.
For any Suggestions/Query Contact to library or Email: library.kochi@imu.ac.in Ph:(0484)-2989402
(Web OPAC Designed by Rudra Ranjan. Maintained by IMU Kochi Library)

Powered by Koha